000 00370nam a2200133 i 4500
001 bg
100 1 _aŁUCZYŃSKA-BRUZDA, Maria
245 0 _aSkuteczność planowania przestrzennego Ojcowskiego Parku Narodowego /
_cMaria Łuczyńska-Bruzda.
260 _aKraków,
_c1981.
040 _cBPK
041 _apol
942 _cKS
008 s pl f |000 0 pol
999 _c20524
_d20524
856 _uhttp://koha.tu.koszalin.pl/cgi-bin/koha/opac-detail.pl?biblionumber=20524
_yKatalog online BPK